Europe ka behtareen adab (Record no. 432205)

MARC details
000 -LEADER
fixed length control field 00538nam a2200217Ia 4500
003 - CONTROL NUMBER IDENTIFIER
control field OSt
005 - DATE AND TIME OF LATEST TRANSACTION
control field 20220924132955.0
008 - FIXED-LENGTH DATA ELEMENTS--GENERAL INFORMATION
fixed length control field 220923b |||||||| |||| 00| 0 fre d
037 ## - SOURCE OF ACQUISITION
Terms of availability Textual
040 ## - CATALOGING SOURCE
Original cataloging agency ARTS
Transcribing agency ARTS
Language of cataloging fre
041 ## - LANGUAGE CODE
Source of code fre
Language code of text/sound track or separate title fre
100 ## - MAIN ENTRY--PERSONAL NAME
Personal name Sajad Bukhari
9 (RLIN) 205419
245 #0 - TITLE STATEMENT
Title Europe ka behtareen adab
260 ## - PUBLICATION, DISTRIBUTION, ETC.
Date of publication, distribution, etc. 1999
942 ## - ADDED ENTRY ELEMENTS (KOHA)
Classification part O122v, 168N9
Koha item type Textual
Source of classification or shelving scheme Colon Classification (CC)
Holdings
Withdrawn status Lost status Damaged status Not for loan Home library Current library Date acquired Total Checkouts Full call number Barcode Date due Date last seen Date last checked out Price effective from Koha item type
        Arts Library Central Library 2022-09-24 1 O122v 168N9 AL1067350 2010-01-31 2026-01-07 2026-01-07 2022-09-24 Textual
Copyright @ Delhi University Library System